000 00325nam a22001457a 4500
008 210312b ||||| |||| 00| 0 eng d
020 _a2901323145011
041 _aeng
080 _a510
082 _a510
100 _a36
101 _aMAT
245 _aCalculus and its Applications
_cBittinger, M. L
942 _2udc
_cBK
999 _c56573
_d56573